LEADER 01709cam0-2200409---450- 001 990005785620403321 005 20121011130221.0 035 $a000578562 035 $aFED01000578562 035 $a(Aleph)000578562FED01 035 $a000578562 100 $a19990604g19351937km-y0itay50------ba 101 0 $alat 102 $aFR 105 $ay-------001ey 200 1 $aLettres secrètes et curiales du pape Grégoire XI (1370-1378) relatives a la France extraites des registres du Vatican$fpar L. Mirot et H. Jassemin 210 $aParis$cDe Boccard$d1935-1937 215 $a5 v.$d32 cm 225 1 $aBibliothèque des Écoles françaises d'Athènes et de Rome$i3. série$v7 327 0 $a1.: (1-1051). - 342 p . col$a2.: (1052-2120)/ par L. Mirot, H. Jassemin et J. Vielliard . - 343-734 p. col$a5 : Tables / par G. Mollat et E.R. Labande. - 91 p. 610 0 $aFrancia$aStoria$aCarlo 5. <1364-1380>$aFonti 610 0 $aChiesa cattolica$aStoria$aFonti 676 $a274.05 700 1$aGregorius$dXI,$cpapa$f<1329-1378>$0259200 702 1$aJassemin,$bHenri$f<1893- > 702 1$aMirot,$bLéon$f<1870-1946> 702 1$aJassemin,$bHenri$f<1893- > 702 1$aLabande,$bEdmond-René$f<1908-1992> 801 0$aIT$bUNINA$gRICA$2UNIMARC 901 $aBK 912 $a990005785620403321 952 $a262.13 BEFAR GREGORIUS XI LSC 2 (1)$bPAL.DIPL. 392$fFLFBC 952 $a262.13 BEFAR GREGORIUS XI LSC 2 (2)$bPAL.DIPL. 392$fFLFBC 952 $a262.13 BEFAR GREGORIUS XI LSC 2 (5)$bPAL.DIPL. 392$fFLFBC 959 $aFLFBC 996 $aLettres secrètes et curiales du pape Grégoire XI (1370-1378) relatives a la France extraites des registres du Vatican$9568844 997 $aUNINA LEADER 01381nam0-22003971i-450- 001 990005471360203316 005 20010829120000.0 035 $a000547136 035 $aUSA01000547136 035 $a(ALEPH)000547136USA01 035 $a000547136 100 $a20010829d1986-------|0itac50------ba 101 $aita 102 $aIT 105 $a|||| ||||| 200 1 $a<> trasporto pubblico e privato nella legislazione statuale e regionale$eJesolo, 1-2-3 giugno 1984$eatti del Convegno C.I.D.I.S., Centro internazionale di studi giuridici 210 $a[Padova]$cCEDAM$a[Venezia]$cGiunta regionale del Veneto$d1986 215 $aVII, 344 p.$d24 cm 606 $aTrasporti$xLegislazione$xCongressi$x1984$2FI 620 $dVenezia 620 $dPadova 676 $a343.45093$v21 710 02$aCentro internazionale di studi giuridici$0227422 712 $aGiunta regionale del Veneto 801 $aIT$bSOL$c20120104 912 $a990005471360203316 950 $aDIP.TO SCIENZE ECONOMICHE - (SA)$dDS 300 343.45093 cen$e1732 DISES 951 $a300 343.45093 cen$b1732 DISES 959 $aBK 969 $aDISES 979 $c20121027$lUSA01$h1532 979 $c20121027$lUSA01$h1613 979 $aPATRY$b90$c20130226$lUSA01$h1534 996 $aTrasporto pubblico e privato nella legislazione statuale e regionale$9890786 997 $aUNISA NUM $aUSA7382